The Modern Researcher (Record no. 16882)

000 -LEADER
fixed length control field 00245nam a22001097a 4500
008 - FIXED-LENGTH DATA ELEMENTS--GENERAL INFORMATION
fixed length control field 140110t xxu||||| |||| 00| 0 eng d
100 ## - MAIN ENTRY--PERSONAL NAME
Personal name Jacques Barzun
9 (RLIN) 620
245 ## - TITLE STATEMENT
Title The Modern Researcher
250 ## - EDITION STATEMENT
Edition statement 6th Ed
300 ## - PHYSICAL DESCRIPTION
Extent 340
942 ## - ADDED ENTRY ELEMENTS (KOHA)
Source of classification or shelving scheme
Koha item type Book
Holdings
Withdrawn status Lost status Source of classification or shelving scheme Damaged status Not for loan Collection code Permanent Location Current Location Date acquired Total Checkouts Full call number Barcode Date last seen Price effective from Koha item type
            Atta-ur-Rahman School of Applied Biosciences (ASAB) Atta-ur-Rahman School of Applied Biosciences (ASAB) 01/10/2014   001.432 Bar ASAB418 01/10/2014 01/10/2014 Book
© 2023 Central Library, National University of Sciences and Technology. All Rights Reserved.